Normal view
MARC view
- Kashmiri, Agha Shorash
Entry Personal Name
001 - CONTROL NUMBER
- control field: 19456
003 - CONTROL NUMBER IDENTIFIER
- control field: NUST
005 - DATE AND TIME OF LATEST TRANSACTION
- control field: 20190822114547.0
008 - FIXED-LENGTH DATA ELEMENTS
- fixed length control field: 190822|| aca||aabn | a|a d
040 ## - CATALOGING SOURCE
- Original cataloging agency: NUST
- Transcribing agency: NUST
100 ## - HEADING--PERSONAL NAME
- Personal name: Kashmiri, Agha Shorash
670 ## - SOURCE DATA FOUND
- Source citation: Work cat.: (NUST): Kashmiri, Agha Shorash, Ilm k Chiragh, 2009
